[Event "Ufa Cup 01"]
[Site "Ufa"]
[Date "2007.01.17"]
[Round "3"]
[White "Grigoriev, Semyon"]
[Black "Gumerov, Renant"]
[Result "1/2-1/2"]
[WhiteElo "2093"]
[BlackElo "2263"]
[PlyCount "147"]
[EventDate "2007.01.15"]
[EventType "swiss"]
[EventRounds "9"]
[EventCountry "RUS"]
[SourceTitle "EXT 2008"]
[Source "ChessBase"]
[SourceDate "2007.11.25"]
[SourceVersion "1"]
[SourceVersionDate "2007.11.25"]
[SourceQuality "1"]

1. d4 e6 2. c4 f5 3. Nc3 d5 4. cxd5 exd5 5. g3 c6 6. Bg2 Bd6 7. Nf3 Nd7 8. 0-0 Qf6 9. Bg5 Qf8 10. Bf4 h6 11. Bxd6 Qxd6 12. e3 g5 13. h4 Qf6 14. Re1 Ne7 15. b4 Ng6 16. hxg5 hxg5 17. Nd2 Ne7 18. Nf1 g4 19. Ne2 Nf8 20. Nf4 Nh7 21. Rc1 a6 22. a4 Ng5 23. b5 axb5 24. axb5 Qh6 25. Nd2 Bd7 26. Ra1 Rd8 27. Ra7 Bc8 28. Qa4 Kf7 29. Rc1 Rd6 30. Qb3 Ke8 31. bxc6 bxc6 32. Qb8 Kf7 33. Qb4 Rd7 34. Rxd7 Bxd7 35. Qb7 Qd6 36. Rb1 Ne4 37. Nxe4 fxe4 38. Qa7 Rd8 39. Rb7 Bc8 40. Rb6 Rd7 41. Qa8 Qc7 42. Qa5 Qa7 43. Qxa7 Rxa7 44. Bf1 Ra1 45. Kg2 Ke8 46. Be2 Kd8 47. Rb2 Kc7 48. Nh5 Nf5 49. Nf6 Nh6 50. Rc2 Be6 51. Nh5 Kd6 52. Nf4 Bc8 53. Rb2 Nf7 54. Nh5 Ng5 55. Rc2 Re1 56. Nf4 Bf5 57. Rb2 Kc7 58. Rd2 Rc1 59. Rb2 Kd6 60. Rd2 Ra1 61. Rb2 Bc8 62. Rd2 Nh7 63. Rb2 Nf6 64. Rc2 Ba6 65. Bxa6 Rxa6 66. Rc1 Ra4 67. Rh1 Ke7 68. Ng6+ Ke6 69. Nf4+ Kf5 70. Rc1 Rc4 71. Ra1 Rc2 72. Ra7 c5 73. dxc5 Rxc5 74. Ne2 1/2-1/2

[Event "Ufa Cup 01"]
[Site "Ufa"]
[Date "2007.01.16"]
[Round "2"]
[White "Dolomatov, Nikolai"]
[Black "Grigoriev, Semyon"]
[Result "1/2-1/2"]
[WhiteElo "2236"]
[BlackElo "2093"]
[PlyCount "64"]
[EventDate "2007.01.15"]
[EventType "swiss"]
[EventRounds "9"]
[EventCountry "RUS"]
[SourceTitle "EXT 2008"]
[Source "ChessBase"]
[SourceDate "2007.11.25"]
[SourceVersion "1"]
[SourceVersionDate "2007.11.25"]
[SourceQuality "1"]

1. e4 c6 2. d4 d5 3. e5 Bf5 4. Nc3 e6 5. g4 Bg6 6. Nge2 c5 7. h4 h6 8. Nf4 Bh7 9. Be3 Nd7 10. Nh5 Ne7 11. Bb5 Nc6 12. f4 cxd4 13. Bxd4 Bxc2 14. Qd2 Bg6 15. f5 Bxh5 16. gxh5 Qc7 17. Qf4 0-0-0 18. Rc1 Kb8 19. Bxc6 bxc6 20. b4 Nb6 21. Bxb6 Qxb6 22. a3 Be7 23. Kd2 Ka8 24. Rh3 exf5 25. Na4 Qb5 26. Nc5 Rhe8 27. Qxf5 f6 28. Ne6 Rc8 29. Nxg7 Bxb4+ 30. axb4 Qxb4+ 31. Kd3 Qb5+ 32. Kd2 Qb4+ 1/2-1/2